Comentarios a la Ley de Seguridad Social / Baltasar Rodríguez Santos
ISBN:
84-7557-002-1
Descripción Física:
3 v. ; 25 cm
Otros Autores:
Espanya. Ley General de la Seguridad Social (1974)
MARC
| LEADER | 00000nam a2200000Ia 4500 | ||
|---|---|---|---|
| 001 | 20611, 20612, 20613 | ||
| 008 | 160829s1983 xx 000 0 cat d | ||
| 020 | |a 84-7557-002-1 (o.c.), 84-7557-002-1 (v.1), 84-7557-003-8 (v.2), 84-7557-004-6 (v.3) | ||
| 080 | |a D-4-17, D-4-18, D-4-19 | ||
| 100 | |a Rodríguez Santos, Baltasar |9 44336 | ||
| 245 | |a Comentarios a la Ley de Seguridad Social / Baltasar Rodríguez Santos | ||
| 250 | |a 3a ed., act. | ||
| 260 | |a Valladolid : |b Lex-Nova, |c 1983 | ||
| 300 | |a 3 v. ; |c 25 cm | ||
| 590 | |a Conté: v.1: Gestión de la Seguridad Social; v.2: Accidentes de trabajo: v.3: Prestaciones | ||
| 650 | |a Seguretat social |x Dret i legislació |x Espanya |9 23276 | ||
| 700 | |a Espanya. Ley General de la Seguridad Social (1974) |9 44337 | ||
| 901 | |a Arxiu | ||
| 942 | |n 1 | ||
| 952 | |0 1 |1 0 |2 udc |4 0 |5 2 |6 D417_D418_D419 |7 1 |9 51895 |a Arxiu |b Arxiu |d 2016-12-01 |l 0 |o D-4-17, D-4-18, D-4-19 |p 20611, 20612, 20613 |r 2016-12-01 00:00:00 |w 2016-12-01 |y ARXIU | ||
| 999 | |c 55741 |d 55741 | ||